Sports Quiz

Random Sports or State Quiz

All Penn State National Championships Quiz Stats

 Plays Quiz not verified by Sporcle

Score 0/70 Timer 13:00
0 Plays Today
Hint Answer % Correct
Women's lacrosse1989
100%
Fencing1990
100%
Fencing1991
100%
Men's volleyball1994
100%
Fencing1996
100%
Fencing1997
100%
Fencing1998
100%
Fencing1999
100%
Women's volleyball1999
100%
Fencing2000
100%
Men's gymnastics2000
100%
Fencing2002
100%
Men's gymnastics2004
100%
Fencing2007
100%
Men's gymnastics2007
100%
Women's volleyball2007
100%
Men's volleyball2008
100%
Women's volleyball2008
100%
Fencing2009
100%
Women's volleyball2009
100%
Fencing2010
100%
Women's volleyball2010
100%
Wrestling2011
100%
Wrestling2012
100%
Wrestling2013
100%
Women's volleyball2013
100%
Men's cross country1950
94.1%
Wresling1953
94.1%
Men's gymnastics1953
94.1%
Men's gymnastics1954
94.1%
Men's soccer1954
94.1%
Men's soccer1955
94.1%
Men's gymnastics1957
94.1%
Men's gymnastics1959
94.1%
Men's gymnastics1960
94.1%
Hint Answer % Correct
Men's gymnastics1961
94.1%
Men's gymnastics1965
94.1%
Men's gymnastics1976
94.1%
Women's gymnastics1978
94.1%
Women's lacrosse1978
94.1%
Women's bowling1979
94.1%
Women's fencing1980
94.1%
Women's lacrosse1980
94.1%
Women's gymnastics1980
94.1%
Field hockey1980
94.1%
Women's fencing1981
94.1%
Field hockey1981
94.1%
Football1982
94.1%
Women's fencing1983
94.1%
Football1986
94.1%
Women's lacrosse1987
94.1%
Fencing1995
94.1%
Wrestling1921
88.2%
Boxing1924
88.2%
Boxing1930
88.2%
Boxing1932
88.2%
Men's soccer1933
88.2%
Men's soccer1936
88.2%
Men's soccer1937
88.2%
Men's soccer1938
88.2%
Men's soccer1939
88.2%
Men's soccer1940
88.2%
Men's cross country1942
88.2%
Men's cross country1947
88.2%
Men's gymnastics1948
88.2%
Men's soccer1949
88.2%
Men's soccer1926
82.4%
Boxing1927
82.4%
Boxing1929
82.4%
Men's soccer1929
82.4%

You're not logged in!

Compare scores with friends on all Sporcle quizzes.
OR
Log In

Show Comments

Extras

Created Feb 5, 2014ReportNominate
Tags:State Quiz, national, penn

Top Quizzes Today


Score Distribution

Your Account Isn't Verified!

In order to create a playlist on Sporcle, you need to verify the email address you used during registration. Go to your Sporcle Settings to finish the process.

Report this User

Report this user for behavior that violates our Community Guidelines.

Details: